Einführung in die Warenlehre

Gespeichert in:
Bibliographische Detailangaben
1. Verfasser: Hölzl, Josef
Format: Buch
Sprache:Deutsch
Veröffentlicht: München Oldenbourg 1989
Ausgabe:1. Aufl.
Schlagworte:
Tags: Tag hinzufügen
Keine Tags, Fügen Sie das erste Tag hinzu!

MARC

LEADER 00000nam a2200000 4500
001 c010022
005 20221206131300.1
020 |a 3-486-21334-2 
041 0 |a ger 
044 |a DE 
245 1 0 |a Einführung in die Warenlehre  |c Josef Hölzl 
250 |a 1. Aufl. 
264 1 |a München  |b Oldenbourg  |c 1989 
300 |a 224 s. 
610 2 0 |a tovar 
610 2 0 |a tovaroznalectvo 
610 2 0 |a kvalita 
610 2 0 |a normy 
610 2 0 |a produkcia 
610 2 0 |a spotreba 
610 2 0 |a burzy komoditné 
610 2 0 |a marketing 
610 2 0 |a odpad 
610 2 0 |a klasifikácia 
610 2 0 |a modely 
100 1 |a Hölzl, Josef